| 000 | 01046nem a2200337 a 4500 | ||
|---|---|---|---|
| 001 | 000107759 | ||
| 003 | CHAP | ||
| 005 | 20220329143942.0 | ||
| 008 | 131030s2008 mx ||||||||| |r|||||spa d | ||
| 010 | _a104221 | ||
| 011 | _a105193 | ||
| 020 | _a9789701514238 | ||
| 040 | _cCHAP | ||
| 082 | 0 | 4 |
_a628.35 _bF38 |
| 100 | 1 |
_aFerrer Polo, José _940406 |
|
| 245 | 1 | 0 |
_aTratamientos biológicos de aguas residuales / _cpor José Ferrer Polo y Aurora Seco Torrecillas. |
| 260 |
_aMéxico : _bAlfaomega, _cc2008. |
||
| 300 |
_a184 p. : _bil. |
||
| 590 |
_aE5995AHE _b05 _c20131030 _lUCH01 _h1046 |
||
| 590 |
_aE5995AHE _b05 _c20131030 _lUCH01 _h1047 |
||
| 590 |
_aE5995AHE _b05 _c20131030 _lUCH01 _h1048 |
||
| 590 |
_aE5995AHE _b05 _c20131030 _lUCH01 _h1059 |
||
| 650 | 1 | 4 |
_aAgua _xAprovechamiento. _92282 |
| 650 | 1 | 4 |
_aAgua _xPurificación. _92397 |
| 650 | 1 | 4 |
_aAguas residuales _xPurificación _92588 |
| 650 | 1 | 4 |
_aAguas residuales _xPurificación _92588 |
| 700 | 1 |
_aSeco Torrecillas, Aurora _9103524 |
|
| 901 | _aMP | ||
| 942 | _cLIBRO | ||
| 942 | _n0 | ||
| 999 |
_c104221 _d104221 |
||